书目信息 |
| 题名: |
导游细微服务
|
|
| 作者: | 孔永生 主编 | |
| 分册: | ||
| 出版信息: | 北京 中国旅游出版社 2007 |
|
| 页数: | 10,244页 | |
| 开本: | 21cm | |
| 丛书名: | 旅游细微服务与管理丛书 | |
| 单 册: | ||
| 中图分类: | F592.6 | |
| 科图分类: | ||
| 主题词: | 导游--旅游服务--基本知识--中国 , 导游 , 旅游服务 | |
| 电子资源: | ||
| ISBN: | 978-7-5032-3098-1 | |
| 000 | 00906oam2 2200277 450 | |
| 001 | 003389325 | |
| 005 | 20091207095016.81 | |
| 010 | @a978-7-5032-3098-1@dCNY15.00 | |
| 100 | @a20060104d2007 em y0chiy0110 ea | |
| 101 | 0 | @achi |
| 102 | @aCN@b110000 | |
| 105 | @ay z 000yy | |
| 106 | @ar | |
| 200 | 1 | @a导游细微服务@9dao you xi wei fu wu@f孔永生主编 |
| 210 | @a北京@c中国旅游出版社@d2007 | |
| 215 | @a10,244页@d21cm | |
| 225 | 2 | @a旅游细微服务与管理丛书 |
| 330 | @a本书分为五部分,内容包括服务准备工作的细节、接待服务中的细节、特殊旅游团队的接待服务细节、特殊任务的接待服务与合作细节、常见问题与事故处理细节。 | |
| 461 | 0 | @12001 @a旅游细微服务与管理丛书 |
| 606 | 0 | @a导游@x旅游服务@x基本知识@y中国 |
| 606 | 0 | @a导游 |
| 606 | 0 | @a旅游服务 |
| 690 | @aF592.6@v4 | |
| 701 | 0 | @a孔永生@9kong yong sheng@c(旅游业)@4主编 |
| 801 | 0 | @aCN@bNLC@c20091207 |
| 905 | @b20797062-66@dF592.6@e262@f5 | |
| 导游细微服务/孔永生主编.-北京:中国旅游出版社,2007 |
| 10,244页;21cm.-(旅游细微服务与管理丛书) |
| ISBN 978-7-5032-3098-1:CNY15.00 |
| 本书分为五部分,内容包括服务准备工作的细节、接待服务中的细节、特殊旅游团队的接待服务细节、特殊任务的接待服务与合作细节、常见问题与事故处理细节。 |
| ● |
| 相关链接 |
|
|
|
|
正题名:导游细微服务
索取号:F592.6/262
 
预约/预借
| 序号 | 登录号 | 条形码 | 馆藏地/架位号 | 状态 | 备注 |
| 1 | 797062 | 207970622 | 第一样本阅览室/ [索取号:F592.6/262] | 在馆 | |
| 2 | 797063 | 207970631 | 第一借阅区/ [索取号:F592.6/262] | 在馆 | |
| 3 | 797064 | 207970640 | 第一借阅区/ [索取号:F592.6/262] | 在馆 | |
| 4 | 797065 | 207970659 | 第一借阅区/ [索取号:F592.6/262] | 在馆 | |
| 5 | 797066 | 207970668 | 密集书库-资源管理系/ [索取号:F592.6/262] | 在馆 |